[Event "Women's Speed Chess Q3"]
[Site "chess.com INT"]
[Date "2021.05.30"]
[Round "2"]
[White "Golubenko, Valentina"]
[Black "Daulyte-Cornette, Deimante"]
[Result "0-1"]
[WhiteTitle "WGM"]
[BlackTitle "IM"]
[WhiteElo "2209"]
[BlackElo "2387"]
[WhiteFideId "4501993"]
[BlackFideId "12802859"]
[EventDate "2021.05.30"]

1. d4 d6 2. g3 Nf6 3. Bg2 Nbd7 4. c4 e5 5. Nc3 g6 6. Nf3 Bg7 7. O-O O-O 8. e4
Re8 9. h3 exd4 10. Nxd4 Nc5 11. Re1 a5 12. b3 Nfd7 13. Bb2 Ne5 14. Bf1 Ne6 15.
f4 Nxd4 16. fxe5 Bxe5 17. Nd5 Nc6 18. Qd2 Bxb2 19. Qxb2 Ne5 20. Qf2 Re6 21. Bg2
c6 22. Nb6 Ra6 23. Nxc8 Qxc8 24. Rad1 Qd8 25. Rf1 Kg7 26. Qd4 c5 27. Qc3 Kg8 28.
Qe3 Rc6 29. a3 Rf6 30. Rxf6 Qxf6 31. Rf1 Qe6 32. Qe2 Rc7 33. Kh2 Nc6 34. h4 Nd4
35. Qe3 Qe5 36. Rf4 Re7 37. Qf2 f5 38. exf5 Nxf5 39. Bd5+ Kg7 40. Re4 Qf6 41. g4
Rxe4 42. Bxe4 Qxh4+ 43. Qxh4 Nxh4 44. Kg3 g5 45. Bxb7 Kf6 46. Bd5 Ke5 47. Bg8 h6
48. Bh7 Kf6 49. Bd3 Ng6 50. Bxg6 Kxg6 51. Kf3 Kf6 52. Ke4 Ke6 53. a4 Kf6 54. Kd5
Ke7 55. Kc6 h5 56. gxh5 g4 57. h6 Kf6 58. Kxd6 g3 59. h7 Kg7 60. Kxc5 g2 61. Kb5
g1=Q 62. Kxa5 Qc5+ 63. Ka6 Qb4 64. a5 Kxh7 65. Ka7 Qxa5+ 66. Kb7 Qc5 67. Ka6 Qb4
68. Ka7 Qxb3 69. c5 Qb5 0-1

[Event "Women's Speed Chess Q3"]
[Site "chess.com INT"]
[Date "2021.05.30"]
[Round "2"]
[White "Enkhtuul, Altan-Ulzii"]
[Black "Makhija, Aashna"]
[Result "1-0"]
[WhiteTitle "WGM"]
[BlackTitle "WIM"]
[WhiteElo "2228"]
[BlackElo "1969"]
[WhiteFideId "4901444"]
[BlackFideId "25011944"]
[EventDate "2021.05.30"]

1. d4 Nf6 2. Nf3 d5 3. Nc3 e6 4. Bg5 Be7 5. Qd3 Nbd7 6. e4 dxe4 7. Nxe4 Nxe4 8.
Bxe7 Qxe7 9. Qxe4 Nf6 10. Qe2 O-O 11. c3 b6 12. Qc2 Bb7 13. Ne5 c5 14. dxc5 Qxc5
15. Nd3 Qc7 16. O-O-O b5 17. Kb1 a5 18. f3 Rab8 19. Rc1 Rfd8 20. Be2 Bd5 21. g4
Nd7 22. b3 Nc5 23. Nxc5 Qxc5 24. Rhf1 a4 25. b4 Qc6 26. Ka1 Bc4 27. Bxc4 Qxc4
28. Qe4 Qxe4 29. fxe4 Rbc8 30. Kb2 Kf8 31. Rc2 Ke7 32. Rf3 Rd1 33. Rcf2 f6 34.
e5 Rcd8 35. exf6+ gxf6 36. Kc2 Ra1 37. Kb2 Rad1 38. c4 bxc4 39. Kc3 R1d3+ 40.
Kxc4 Rxf3 41. Rxf3 Rd2 42. a3 Rxh2 43. b5 Rc2+ 44. Kb4 Rb2+ 45. Kxa4 e5 46. Ka5
Kd6 47. b6 e4 48. Rxf6+ Ke5 49. Rf5+ Kd4 50. Ka6 e3 51. Rf4+ Kd3 52. Rf3 Kd2 53.
b7 e2 54. Rf2 Kd1 55. Rxe2 Kxe2 56. Ka7 Kf3 57. b8=Q Rxb8 58. Kxb8 Kxg4 59. a4
h5 60. a5 h4 61. a6 h3 62. a7 h2 63. a8=Q Kg3 64. Qh1 Kh3 65. Kb7 Kg3 66. Kb6
Kf2 67. Kb5 Kg3 68. Kc4 Kf2 69. Kd3 Kg3 70. Ke4 Kh3 71. Ke3 Kg3 72. Qf3+ Kh4 73.
Qg2 1-0

[Event "Women's Speed Chess Q3"]
[Site "chess.com INT"]
[Date "2021.05.30"]
[Round "2"]
[White "Arpita, Mukherjee"]
[Black "Purtseladze, Maka"]
[Result "1/2-1/2"]
[WhiteTitle "WIM"]
[BlackTitle "IM"]
[WhiteElo "2206"]
[BlackElo "2274"]
[WhiteFideId "5056403"]
[BlackFideId "13602659"]
[EventDate "2021.05.30"]

1. e4 c6 2. d4 d5 3. e5 Bf5 4. Nf3 e6 5. Be2 Nd7 6. O-O a6 7. a4 c5 8. c3 cxd4
9. cxd4 Bb4 10. Bd2 Qa5 11. Nc3 Ne7 12. Ne1 O-O 13. Bd3 Rac8 14. Bxf5 Nxf5 15.
Nd3 Nxd4 16. Nxb4 Qxb4 17. Nb5 Qc4 18. Nd6 Qb3 19. Nxc8 Rxc8 20. Bc3 Qxd1 21.
Rfxd1 Nb3 22. Ra3 Nbc5 23. Bd4 Ne4 24. a5 f6 25. f3 Ng5 26. exf6 gxf6 27. Rc3
Rxc3 28. Bxc3 Kf7 29. Rc1 e5 30. Bd2 Ne6 31. Kf2 Ndc5 32. Ke2 Nb3 33. Rc8 Ned4+
34. Kd1 Ke6 35. Rc7 Nxd2 36. Kxd2 Nb3+ 37. Kc3 Nxa5 38. Rxh7 b5 39. Ra7 d4+ 40.
Kc2 Nc4 41. Rxa6+ Kf5 42. h4 Ne3+ 43. Kd3 Nxg2 44. h5 Nf4+ 45. Kd2 Nxh5 46. Rb6
Nf4 47. Rxb5 Ke6 48. Rb6+ Kf5 49. b4 Nd5 50. Rb8 Kf4 51. b5 Kxf3 52. b6 e4 53.
b7 e3+ 54. Kd1 e2+ 55. Kd2 Kf2 56. Re8 Ne3 57. b8=Q e1=Q+ 58. Kd3 Qd1+ 59. Ke4
Qf3+ 60. Kxd4 Nf5+ 61. Kc5 Qc3+ 62. Kb6 Qd4+ 63. Kc7 Qd6+ 64. Kb7 Qxb8+ 65. Kxb8
Ne3 66. Rf8 f5 67. Kc7 Kf3 68. Kd6 f4 69. Ke5 Ng4+ 70. Kf5 Ne3+ 71. Kg5 Ng2 72.
Ra8 Kg3 73. Ra3+ f3 74. Rxf3+ Kxf3 1/2-1/2

[Event "Women's Speed Chess Q3"]
[Site "chess.com INT"]
[Date "2021.05.30"]
[Round "2"]
[White "Osmak, Iulija"]
[Black "Vo, Thi Kim Phung"]
[Result "1-0"]
[WhiteTitle "IM"]
[BlackTitle "WGM"]
[WhiteElo "2425"]
[BlackElo "2335"]
[WhiteFideId "14101602"]
[BlackFideId "12401838"]
[EventDate "2021.05.30"]

1. b4 e6 2. Bb2 Nf6 3. b5 a6 4. a4 d5 5. e3 Be7 6. Nf3 O-O 7. Be2 c5 8. O-O axb5
9. axb5 Rxa1 10. Bxa1 Nbd7 11. c4 dxc4 12. Bxc4 Nb6 13. Be2 Bd7 14. d4 cxd4 15.
Qxd4 Nbd5 16. Nc3 Nxc3 17. Bxc3 Bc8 18. Qe5 Qd5 19. Rd1 Qxe5 20. Nxe5 Nd5 21.
Bd4 Bf6 22. Bf3 Ne7 23. Rc1 Nf5 24. Ba1 Rd8 25. h3 h6 26. Nc4 Bd7 27. Bxf6 gxf6
28. b6 Bb5 29. Na5 Ba6 30. Nxb7 Bxb7 31. Bxb7 Rb8 32. Rc7 Nd6 33. Bf3 Rxb6 34.
h4 Kg7 35. Bh5 f5 36. g3 Kf6 37. Kg2 Rb5 38. Rd7 Rd5 39. Bf3 Rd2 40. Ra7 Nc4 41.
Bh5 Nxe3+ 42. Kf3 Nd5 43. Rxf7+ Ke5 44. Rh7 Rd3+ 45. Kg2 Nf6 46. Rxh6 Nxh5 47.
Rxh5 Kf6 48. Rh6+ Kf7 49. Rh7+ Kg6 50. Ra7 Rd2 51. Ra6 Re2 52. Kf3 Re4 53. Kg2
Kf6 54. Kh3 Kg6 55. f3 Re3 56. Kg2 Re2+ 57. Kf1 Re5 58. Kf2 Kf6 59. g4 fxg4 60.
fxg4 Re4 61. Kf3 Rb4 62. h5 Rb3+ 63. Kf4 Rb4+ 64. Kg3 Kg5 65. Ra5+ Kf6 66. Kh4
Rb1 67. g5+ Ke7 68. Ra7+ Kf8 69. h6 Rh1+ 70. Kg4 Rg1+ 71. Kh5 e5 72. h7 Rh1+ 73.
Kg6 e4 74. Ra8+ Ke7 75. h8=Q Rxh8 76. Rxh8 e3 77. Rh1 Ke6 78. Re1 1-0

[Event "Women's Speed Chess Q3"]
[Site "chess.com INT"]
[Date "2021.05.30"]
[Round "3"]
[White "Eswaran, Ashritha"]
[Black "Zuriel, Marisa"]
[Result "0-1"]
[WhiteTitle "WIM"]
[BlackTitle "WIM"]
[WhiteElo "2244"]
[BlackElo "2203"]
[WhiteFideId "2080788"]
[BlackFideId "109142"]
[EventDate "2021.05.30"]

1. e4 c5 2. Nf3 d6 3. d4 cxd4 4. Nxd4 Nf6 5. Nc3 a6 6. Be3 e6 7. Be2 Be7 8. a4
b6 9. O-O Bb7 10. Bd3 Qc7 11. f4 Nbd7 12. g4 h6 13. g5 hxg5 14. fxg5 d5 15. gxf6
Qxh2# 0-1

[Event "Women's Speed Chess Q3"]
[Site "chess.com INT"]
[Date "2021.05.30"]
[Round "3"]
[White "Varney, Zoe"]
[Black "Ziegenfuss, Antonia"]
[Result "0-1"]
[WhiteTitle "WCM"]
[BlackTitle "WFM"]
[WhiteElo "1917"]
[BlackElo "2157"]
[WhiteFideId "436135"]
[BlackFideId "12962554"]
[EventDate "2021.05.30"]

1. e4 c5 2. Nf3 e6 3. d4 cxd4 4. Nxd4 Nc6 5. Nc3 Qc7 6. f3 a6 7. Be3 Nf6 8. Qd2
b5 9. O-O-O Be7 10. g4 Nxd4 11. Bxd4 Bb7 12. h4 Rc8 13. h5 b4 14. Nb1 d5 15. g5
Nd7 16. Bxg7 Rg8 17. Bh6 dxe4 18. fxe4 Bxe4 19. Rh2 Bd6 20. Rf2 Bg3 21. Rxf7
Kxf7 22. Qxd7+ Qxd7 23. Rxd7+ Ke8 24. Rd2 Bf4 0-1

[Event "Women's Speed Chess Q3"]
[Site "chess.com INT"]
[Date "2021.05.30"]
[Round "3"]
[White "Eswaran, Aksithi"]
[Black "Pavlidou, Ekaterini"]
[Result "1-0"]
[WhiteTitle "WCM"]
[BlackTitle "WIM"]
[WhiteElo "1745"]
[BlackElo "2157"]
[WhiteFideId "2083485"]
[BlackFideId "4213262"]
[EventDate "2021.05.30"]

1. e4 c5 2. Nf3 Nc6 3. d4 cxd4 4. Nxd4 g6 5. c4 Bg7 6. Be3 d6 7. Nc3 Nf6 8. Be2
O-O 9. f3 Bd7 10. Qd2 a6 11. O-O Ne5 12. b3 Rc8 13. Rac1 b5 14. cxb5 axb5 15.
Bxb5 Bxb5 16. Ncxb5 Rxc1 17. Rxc1 Qb6 18. Nc3 Qa6 19. h3 1-0

[Event "Women's Speed Chess Q3"]
[Site "chess.com INT"]
[Date "2021.05.30"]
[Round "3"]
[White "Sikorova, Olga"]
[Black "Zawadzka, Jolanta"]
[Result "0-1"]
[WhiteTitle "WGM"]
[BlackTitle "WGM"]
[WhiteElo "2215"]
[BlackElo "2399"]
[WhiteFideId "307033"]
[BlackFideId "1122320"]
[EventDate "2021.05.30"]

1. c4 c5 2. g3 Nf6 3. Bg2 Nc6 4. Nc3 d6 5. b3 g6 6. Bb2 Bg7 7. Nd5 O-O 8. Nxf6+
Bxf6 9. Bxf6 exf6 10. e3 Be6 11. Ne2 d5 12. d3 dxc4 13. dxc4 Qc7 14. a3 Rfd8 15.
Qc2 Qa5+ 16. Nc3 Nb4 17. axb4 Qxa1+ 18. Ke2 Qa6 19. bxc5 Rac8 20. Na4 b5 21.
cxb6 Bxc4+ 22. Ke1 Qa5+ 0-1

[Event "Women's Speed Chess Q3"]
[Site "chess.com INT"]
[Date "2021.05.30"]
[Round "3"]
[White "Starosta, Martyna"]
[Black "Berend, Elvira"]
[Result "1-0"]
[WhiteTitle "WCM"]
[BlackTitle "WGM"]
[WhiteElo "1910"]
[BlackElo "2326"]
[WhiteFideId "21818754"]
[BlackFideId "4000510"]
[EventDate "2021.05.30"]

1. e4 c5 2. Nf3 e6 3. g3 Nc6 4. Bg2 d6 5. O-O Nf6 6. Qe2 Be7 7. Rd1 Nd4 8. Nxd4
cxd4 9. c3 dxc3 10. Nxc3 O-O 11. d4 a6 12. Be3 Qa5 13. a3 Bd7 14. Rac1 Rac8 15.
e5 Ne8 16. Bxb7 Rb8 17. Bg2 d5 18. f4 f5 19. Kh1 h6 20. Rd2 Kh7 21. Rdc2 Rb3 22.
g4 fxg4 23. Qxg4 g6 24. Bf1 Rf5 25. Rg2 Ng7 26. Qxg6+ Kh8 27. Qxg7# 1-0

[Event "Women's Speed Chess Q3"]
[Site "chess.com INT"]
[Date "2021.05.30"]
[Round "3"]
[White "Mrudul, Dehankar"]
[Black "Dworakowska, Joanna"]
[Result "0-1"]
[WhiteTitle "WIM"]
[BlackTitle "IM"]
[WhiteElo "2256"]
[BlackElo "2322"]
[WhiteFideId "25096990"]
[BlackFideId "1107445"]
[EventDate "2021.05.30"]

1. e4 c5 2. Nf3 d6 3. d4 cxd4 4. Nxd4 Nf6 5. Nc3 a6 6. Bg5 e6 7. f4 Be7 8. Qf3
Nbd7 9. O-O-O Qc7 10. g4 h6 11. Bxf6 Bxf6 12. h4 Nb6 13. g5 Bxd4 14. Rxd4 Qc5
15. Qd1 hxg5 16. Rxd6 Nd5 17. Nxd5 Qxd6 18. Nf6+ Ke7 19. Qxd6+ Kxd6 20. e5+ Ke7
21. Ne4 Rxh4 22. Rxh4 gxh4 23. Nd6 Bd7 24. Nxb7 Rh8 25. Nd6 h3 0-1

[Event "Women's Speed Chess Q3"]
[Site "chess.com INT"]
[Date "2021.05.30"]
[Round "3"]
[White "Li, Xueyi"]
[Black "Zakirova, Aisha"]
[Result "1-0"]
[WhiteTitle "WGM"]
[BlackTitle "WCM"]
[WhiteElo "2328"]
[BlackElo "1585"]
[WhiteFideId "8605912"]
[BlackFideId "13719734"]
[EventDate "2021.05.30"]

1. d4 Nf6 2. Nf3 g6 3. g3 Bg7 4. Bg2 O-O 5. c4 d5 6. O-O dxc4 7. Na3 c5 8. Nxc4
cxd4 9. Nxd4 Na6 10. Nb5 Nc5 11. Be3 Ne6 12. Qc2 a6 13. Rfd1 Qe8 14. Nc3 Bd7 15.
Nb6 Rd8 16. Bxb7 Bb5 17. Bg2 Rb8 18. Nbd5 Nxd5 19. Nxd5 Rc8 20. Qd2 Nc5 21. Rac1
Nd7 22. Rxc8 Qxc8 23. Nxe7+ 1-0

[Event "Women's Speed Chess Q3"]
[Site "chess.com INT"]
[Date "2021.05.30"]
[Round "3"]
[White "Alboredo, Julia"]
[Black "Marjanovic, Annamaria"]
[Result "0-1"]
[WhiteTitle "WFM"]
[BlackTitle "WGM"]
[WhiteElo "2182"]
[BlackElo "2338"]
[WhiteFideId "2124807"]
[BlackFideId "750930"]
[EventDate "2021.05.30"]

1. e4 e6 2. d4 d5 3. Bd3 Nf6 4. e5 Nfd7 5. f4 c5 6. c3 Nc6 7. Nf3 Qb6 8. Bc2
cxd4 9. cxd4 Bb4+ 10. Nc3 Nf8 11. O-O Bd7 12. Be3 Rc8 13. f5 Bxc3 14. bxc3 exf5
15. Ng5 g6 16. g4 h6 17. Nxf7 Kxf7 18. gxf5 gxf5 19. Qh5+ Ke7 20. Bxf5 Bxf5 21.
Qxf5 Nd8 22. Qxc8 Rg8+ 23. Kh1 Qg6 24. Qc7+ Ke8 25. Rxf8+ Rxf8 26. Qd6 Qe4+ 27.
Kg1 Qxe3+ 28. Kg2 Rf2+ 29. Kh1 Qf3+ 30. Kg1 Qg2# 0-1

[Event "Women's Speed Chess Q3"]
[Site "chess.com INT"]
[Date "2021.05.30"]
[Round "3"]
[White "Daulyte-Cornette, Deimante"]
[Black "Antonova, Nadezhda"]
[Result "1-0"]
[WhiteTitle "IM"]
[BlackTitle "WFM"]
[WhiteElo "2387"]
[BlackElo "1877"]
[WhiteFideId "12802859"]
[BlackFideId "14700182"]
[EventDate "2021.05.30"]

1. e4 c5 2. Nc3 d6 3. f4 e6 4. Nf3 Nf6 5. Be2 Be7 6. O-O O-O 7. d4 cxd4 8. Nxd4
a6 9. Kh1 Qc7 10. Qe1 Nc6 11. Be3 Bd7 12. Qg3 g6 13. e5 dxe5 14. fxe5 Qxe5 15.
Nxc6 Qxg3 16. Nxe7+ Kg7 17. hxg3 Ne8 18. Ne4 f5 19. Nc5 Bc8 20. Nxc8 Rxc8 21.
Bd4+ Kf7 22. Bd3 e5 23. Bf2 e4 24. Bc4+ Kf6 25. Bd4+ Kg5 26. Ne6+ Kg4 27. Be2+
Kxg3 28. Be5+ Kh4 29. Rf4+ Kg3 30. Rf3+ Kh4 31. Rh3# 1-0

[Event "Women's Speed Chess Q3"]
[Site "chess.com INT"]
[Date "2021.05.30"]
[Round "3"]
[White "Vine, Elzbieta"]
[Black "Zhai, Mo"]
[Result "0-1"]
[WhiteTitle "WFM"]
[BlackTitle "WGM"]
[WhiteElo "2138"]
[BlackElo "2366"]
[WhiteFideId "1119320"]
[BlackFideId "8600201"]
[EventDate "2021.05.30"]

1. e4 c5 2. Nc3 Nc6 3. f4 g6 4. Nf3 Bg7 5. Bc4 d6 6. O-O e6 7. f5 gxf5 8. d3
Nge7 9. Ng5 Nd4 10. Qh5 Rf8 11. Nxh7 Rh8 12. exf5 Ndxf5 13. Bg5 d5 14. Rxf5 exf5
15. Bxd5 Qb6 16. Qxf7+ Kd7 17. Nf6+ Bxf6 18. Bxf6 Re8 19. Bxe7 Rxe7 20. Qxf5+
Kc7 21. Qf4+ Kd8 22. Rf1 Bd7 0-1

[Event "Women's Speed Chess Q3"]
[Site "chess.com INT"]
[Date "2021.05.30"]
[Round "3"]
[White "Enkhtuul, Altan-Ulzii"]
[Black "Bivol, Alina"]
[Result "0-1"]
[WhiteTitle "WGM"]
[BlackTitle "WGM"]
[WhiteElo "2228"]
[BlackElo "2385"]
[WhiteFideId "4901444"]
[BlackFideId "4100123"]
[EventDate "2021.05.30"]

1. d4 Nf6 2. Nf3 g6 3. g3 Bg7 4. Bg2 O-O 5. O-O d5 6. Nbd2 c6 7. c4 Bf5 8. b3
Nbd7 9. Bb2 Ne4 10. Nxe4 Bxe4 11. Nh4 Bxg2 12. Nxg2 Nf6 13. f3 Re8 14. Qd3 Qb6
15. c5 Qa6 16. Qxa6 bxa6 17. Rfe1 a5 18. Bc3 a4 19. b4 Rab8 20. a3 Nd7 21. e4
dxe4 22. fxe4 Red8 23. Rad1 a5 24. e5 axb4 25. Bxb4 Nf8 26. Nf4 g5 27. Nh5 Ne6
28. Nxg7 Kxg7 29. d5 cxd5 30. c6 Rdc8 31. Rxd5 Rxc6 32. Bxe7 Rb2 33. Bf6+ Kg6
34. Rd8 Rcc2 35. Rg8+ Kf5 36. Rf1+ Kg4 37. h3+ Kxg3 38. Rxg5+ Nxg5 39. Bxg5 Rg2+
40. Kh1 Rh2+ 41. Kg1 Rbg2# 0-1

[Event "Women's Speed Chess Q3"]
[Site "chess.com INT"]
[Date "2021.05.30"]
[Round "3"]
[White "Makhija, Aashna"]
[Black "Mkrtchian, Lilit"]
[Result "1-0"]
[WhiteTitle "WIM"]
[BlackTitle "IM"]
[WhiteElo "1969"]
[BlackElo "2388"]
[WhiteFideId "25011944"]
[BlackFideId "13300601"]
[EventDate "2021.05.30"]

1. e4 e6 2. d4 d5 3. Nc3 Nf6 4. e5 Nfd7 5. f4 c5 6. Nf3 Nc6 7. Be3 a6 8. Qd2 b5
9. Nd1 b4 10. c3 Qb6 11. Bd3 a5 12. O-O g6 13. c4 cxd4 14. Bf2 dxc4 15. Bxc4 Bc5
16. Ng5 Ba6 17. Bxa6 Qxa6 18. Ne4 O-O 19. h4 h5 20. b3 Rfd8 21. Nb2 Bf8 22. Kh2
Nc5 23. Nxc5 Bxc5 24. Nd3 Bf8 25. g4 Ne7 26. gxh5 gxh5 27. Rg1+ Kh7 28. f5 Nxf5
29. Qg5 Qxd3 30. Qg8+ Kh6 31. Qh8# 1-0

[Event "Women's Speed Chess Q3"]
[Site "chess.com INT"]
[Date "2021.05.30"]
[Round "3"]
[White "Perez Rodriguez, Jennifer"]
[Black "Paehtz, Elisabeth"]
[Result "0-1"]
[WhiteTitle "WIM"]
[BlackTitle "IM"]
[WhiteElo "2251"]
[BlackElo "2456"]
[WhiteFideId "3507831"]
[BlackFideId "4641833"]
[EventDate "2021.05.30"]

1. e4 g6 2. d4 Bg7 3. Be3 d6 4. Nc3 a6 5. Qd2 b5 6. a3 Nd7 7. f3 Bb7 8. Bd3 Rc8
9. Nce2 c5 10. c3 Nb6 11. h4 Nf6 12. g4 h5 13. g5 Nfd7 14. Nh3 cxd4 15. cxd4 Nc4
16. Bxc4 Rxc4 17. Nhf4 Qc7 18. Rc1 Rxc1+ 19. Qxc1 Qxc1+ 20. Nxc1 Nb6 21. b3 Kd7
22. Ncd3 Rc8 23. Kd2 a5 24. Rc1 Rxc1 25. Kxc1 a4 26. bxa4 Nc4 27. Bf2 bxa4 28.
Nb2 Nxa3 29. Nxa4 Nb5 30. Nd3 Nxd4 31. Nb6+ Kc7 32. Bxd4 Bxd4 33. Nc4 Ba6 34.
Ndb2 Bf2 35. Kc2 Bxh4 36. f4 Bg3 37. f5 h4 38. Ne3 h3 39. Nd5+ Kd8 0-1

[Event "Women's Speed Chess Q3"]
[Site "chess.com INT"]
[Date "2021.05.30"]
[Round "3"]
[White "Kanyamarala, Trisha"]
[Black "Narva, Regina"]
[Result "1-0"]
[WhiteTitle "WIM"]
[BlackTitle "WFM"]
[WhiteElo "2180"]
[BlackElo "1901"]
[WhiteFideId "45004722"]
[BlackFideId "4500237"]
[EventDate "2021.05.30"]

1. e4 d5 2. exd5 Qxd5 3. Nc3 Qa5 4. d4 Nf6 5. Nf3 Bg4 6. Be2 Nc6 7. Be3 O-O-O 8.
a3 Qh5 9. h3 e5 10. d5 e4 11. Nd4 Bxe2 12. Qxe2 Qxe2+ 13. Ndxe2 Nxd5 14. Nxd5
Rxd5 15. Nc3 Re5 16. O-O-O Re8 17. Rhe1 f5 18. Bf4 Be7 19. Nd5 Bd8 20. Re2 Ne5
21. f3 g5 22. Bxe5 Rxe5 23. fxe4 fxe4 24. Nc3 e3 25. Rde1 Rhe8 26. Nd1 g4 27.
hxg4 Bh4 28. Rh1 Bg5 29. Rxh7 Rd5 30. Nc3 1-0

[Event "Women's Speed Chess Q3"]
[Site "chess.com INT"]
[Date "2021.05.30"]
[Round "3"]
[White "Koridze, Lile"]
[Black "Sviridova, Vlada"]
[Result "1-0"]
[WhiteTitle "WFM"]
[BlackTitle "WFM"]
[WhiteElo "2016"]
[BlackElo "2144"]
[WhiteFideId "13612514"]
[BlackFideId "24109606"]
[EventDate "2021.05.30"]

1. d4 d5 2. c4 c6 3. Nf3 Nf6 4. Nc3 dxc4 5. a4 Bf5 6. e3 e6 7. Bxc4 Bb4 8. O-O
O-O 9. h3 Nbd7 10. Qe2 Bg6 11. Rd1 Qa5 12. Bd2 Nb6 13. Bd3 Bxd3 14. Qxd3 Rad8
15. Qe2 Rfe8 16. Ne5 Nbd5 17. Nc4 Qc7 18. Nxd5 Nxd5 19. Ne5 Bd6 20. Nf3 Nf6 21.
e4 e5 22. d5 cxd5 23. exd5 e4 24. Nd4 Be5 25. Nb5 Qe7 26. Nxa7 Bxb2 27. Rab1 Bd4
28. Bb4 Qe5 29. Nb5 Rxd5 30. Rxd4 Rxd4 31. Bc3 Red8 32. Nxd4 Rxd4 33. Qb2 e3 34.
Bxd4 exf2+ 35. Bxf2 Qe4 36. Qxb7 Qe2 37. Qb8+ Ne8 38. Re1 1-0

[Event "Women's Speed Chess Q3"]
[Site "chess.com INT"]
[Date "2021.05.30"]
[Round "3"]
[White "Nandhidhaa, P V"]
[Black "Kazarian, Anna-Maja"]
[Result "0-1"]
[WhiteTitle "WGM"]
[BlackTitle "FM"]
[WhiteElo "2365"]
[BlackElo "2096"]
[WhiteFideId "5050847"]
[BlackFideId "1033689"]
[EventDate "2021.05.30"]

1. b3 d5 2. Bb2 c5 3. Nf3 Nc6 4. e3 Nf6 5. c4 e6 6. Be2 Be7 7. O-O O-O 8. Nc3 d4
9. exd4 cxd4 10. Nb5 d3 11. Bxd3 Qxd3 12. Re1 Bd7 13. Re3 Qg6 14. Nh4 Qg5 15.
Nf3 Qh6 16. d4 a6 17. Nc3 Bd6 18. d5 exd5 19. cxd5 Ne7 20. Ne4 Ng4 21. Nxd6 Nxe3
22. fxe3 Qxd6 23. e4 Rac8 24. Kh1 Qf4 25. Qd4 f6 26. Rf1 Ng6 27. Qb4 Bb5 28. Rg1
Rfe8 29. Re1 Nh4 30. a4 Nxf3 31. gxf3 Qxf3+ 32. Kg1 Be2 33. Qd2 Rxe4 0-1

[Event "Women's Speed Chess Q3"]
[Site "chess.com INT"]
[Date "2021.05.30"]
[Round "3"]
[White "Ribeiro, Regina"]
[Black "Soumya, Swaminathan"]
[Result "0-1"]
[WhiteTitle "WIM"]
[BlackTitle "IM"]
[WhiteElo "1920"]
[BlackElo "2351"]
[WhiteFideId "2100681"]
[BlackFideId "5016193"]
[EventDate "2021.05.30"]

1. Nf3 Nf6 2. b3 g6 3. Bb2 Bg7 4. e3 d6 5. d4 O-O 6. c4 Nbd7 7. Be2 c6 8. O-O
Qc7 9. Nc3 e5 10. dxe5 dxe5 11. Qc2 Re8 12. Rad1 e4 13. Nd4 a5 14. a4 Nc5 15.
Rd2 Bg4 16. Rfd1 Bxe2 17. Ndxe2 Ng4 18. Ng3 f5 19. h3 Ne5 20. Ba3 Ned3 21. Bxc5
Nxc5 22. Na2 Qe5 23. Nc1 h5 24. h4 Bf6 25. Nge2 Bxh4 26. g3 Bf6 27. Nf4 Kg7 28.
Rd7+ Nxd7 29. Rxd7+ Re7 30. Qd2 Rxd7 31. Qxd7+ Qe7 32. Ne6+ Kf7 33. Nc5 Qxd7 34.
Nxd7 Rd8 0-1

[Event "Women's Speed Chess Q3"]
[Site "chess.com INT"]
[Date "2021.05.30"]
[Round "3"]
[White "Tanishka, Kotia"]
[Black "Varshini, V"]
[Result "0-1"]
[WhiteTitle "WFM"]
[BlackTitle "WGM"]
[WhiteElo "1849"]
[BlackElo "2226"]
[WhiteFideId "25005600"]
[BlackFideId "5091241"]
[EventDate "2021.05.30"]

1. e4 c5 2. c3 d6 3. d4 cxd4 4. cxd4 e6 5. Nc3 Nf6 6. Nf3 Be7 7. Bd3 O-O 8. O-O
a6 9. Re1 b5 10. e5 Nd5 11. Nxd5 exd5 12. Qc2 h6 13. Bf4 Be6 14. Rac1 dxe5 15.
Nxe5 Bd6 16. Qd2 Bxe5 17. dxe5 Nd7 18. Qe3 Nb6 19. Bxh6 d4 20. Qf4 Nd5 21. Qg3
g6 22. Bxf8 Kxf8 23. Re4 Rc8 24. Rxc8 Qxc8 25. h3 Qc1+ 26. Kh2 Qxb2 27. Qh4 Qxa2
28. Rxd4 Qb2 29. Qh8+ Ke7 30. Re4 Qc3 31. Re3 Qd4 32. Qg7 Nxe3 33. fxe3 Qxd3 34.
Qf6+ Kd7 35. Qf4 Qd5 36. Qa4 bxa4 0-1

[Event "Women's Speed Chess Q3"]
[Site "chess.com INT"]
[Date "2021.05.30"]
[Round "3"]
[White "Dauletova, Gulmira"]
[Black "Von Herman, Brigitte"]
[Result "1-0"]
[WhiteTitle "WGM"]
[BlackTitle "WFM"]
[WhiteElo "2285"]
[BlackElo "1991"]
[WhiteFideId "13702971"]
[BlackFideId "4628730"]
[EventDate "2021.05.30"]

1. e4 e5 2. Nf3 Nc6 3. Bb5 a6 4. Ba4 Nf6 5. O-O Be7 6. Re1 b5 7. Bb3 d6 8. c3
O-O 9. h3 Na5 10. Bc2 c5 11. d4 Nd7 12. d5 Nb6 13. b3 Bd7 14. Nbd2 Nb7 15. Nf1
a5 16. Ng3 a4 17. Rb1 axb3 18. axb3 Re8 19. Nf5 Bxf5 20. exf5 f6 21. Nh2 Bf8 22.
Be4 Qc7 23. Qh5 Qf7 24. Qh4 Nd8 25. Ng4 Kh8 26. Rd1 Ra7 27. Qg3 Nb7 28. h4 Na5
29. Qd3 Be7 30. Qxb5 Bd8 31. b4 cxb4 32. cxb4 Nac4 33. Bd3 Na3 34. Qc6 Qd7 35.
Be3 Qxc6 36. dxc6 Bc7 37. b5 Nac4 38. Bxc4 Nxc4 39. Bxa7 Ra8 40. b6 Nxb6 41.
Bxb6 Bxb6 42. Rxb6 h5 43. Ne3 Rc8 44. Nd5 Kg8 45. c7 1-0

[Event "Women's Speed Chess Q3"]
[Site "chess.com INT"]
[Date "2021.05.30"]
[Round "3"]
[White "Grigoryan, Meri"]
[Black "Swati, Mohota"]
[Result "1/2-1/2"]
[WhiteTitle "WFM"]
[BlackTitle "WFM"]
[WhiteElo "2044"]
[BlackElo "2027"]
[WhiteFideId "13300571"]
[BlackFideId "5006511"]
[EventDate "2021.05.30"]

1. d4 e6 2. c4 d5 3. cxd5 exd5 4. Nc3 Be7 5. Nf3 Nf6 6. Bf4 O-O 7. e3 b6 8. Bd3
c5 9. O-O Nc6 10. Rc1 Bb7 11. Bb1 Rc8 12. Ne5 cxd4 13. exd4 Re8 14. a3 g6 15.
Re1 Bd6 16. Nxc6 Bxc6 17. Rxe8+ Bxe8 18. Bg5 Be7 19. Qf3 Bc6 20. Re1 Rc7 21. Bf4
Rd7 22. Be5 Ne8 23. Bd3 Bd6 24. Qh3 Bxe5 25. dxe5 d4 26. Ne4 Bxe4 27. Rxe4 Ng7
28. Rh4 h5 29. Re4 Qc7 30. Re1 Rd5 31. f4 Rc5 32. Qf3 Rc1 33. Kf2 Rxe1 34. Kxe1
Qc1+ 35. Qd1 Qxb2 36. Be4 Qxa3 37. Qxd4 Qc1+ 38. Kf2 Qxf4+ 39. Kg1 Qc1+ 40. Kf2
Qf4+ 41. Kg1 Qc1+ 42. Kf2 Qf4+ 1/2-1/2